000 00791nam a22002297a 4500
003 OSt
005 20150408114009.0
008 120312t xxu||||| |||| 00| 0 eng d
020 _a9789957820589
040 _amu
_bara
_cmb
082 _221
_a658.049
_bف ع ا
100 _aفياض ، عرفات ابراهيم
_99865
245 _aادارة الاعمال الدولية
_cعرفات ابراهيم فياض
260 _aعمان ، الاردن
_bدار البداية
_c2011
300 _a285 ص
_c24 سم
650 _aالادارة المالية
_99866
650 _aادارة الاعمال
650 _aالاستثمارات الأجنبية
_9756
650 _aالاقتصاد الدولي
_99646
650 _aالمالية العامة
_99629
942 _2ddc
_cBOOK
999 _c21006
_d255506